|
|
|
|
| LEADER |
01956nam a2200541 i 4500 |
| 001 |
nkc20213304350 |
| 003 |
CZ PrNK |
| 005 |
20210721081231.0 |
| 007 |
ta |
| 008 |
210127s2021 xr ac g f 000 0 cze |
| 015 |
|
|
|a cnb003304350
|
| 020 |
|
|
|a 978-80-242-7282-5
|q (brožováno) :
|c Kč 359,00
|
| 035 |
|
|
|a (OCoLC)1263277677
|
| 040 |
|
|
|a BOA001
|b cze
|e rda
|
| 041 |
1 |
|
|a cze
|h pol
|
| 072 |
|
7 |
|a 798
|x Jezdectví. Sporty se zvířaty
|2 Konspekt
|9 20
|
| 080 |
|
|
|a 798
|2 MRF
|
| 080 |
|
|
|a 636.1.046.2
|2 MRF
|
| 080 |
|
|
|a 591.5
|2 MRF
|
| 080 |
|
|
|a (035)
|2 MRF
|
| 100 |
1 |
|
|a Gródek, Elżbieta
|7 hka20211117080
|4 aut
|
| 240 |
1 |
0 |
|a Jazda konna naturalnie!.
|l Česky
|
| 245 |
1 |
0 |
|a Jízda na koni pro začátečníky :
|b přirozeně a beze strachu /
|c Elżbieta Gródeková ; z polského originálu Jazda konna naturalnie ... přeložila Kateřina Teodosijevová
|
| 250 |
|
|
|a Vydání první
|
| 264 |
|
1 |
|a Praha :
|b Euromedia Group,
|c 2021
|
| 300 |
|
|
|a 152 stran :
|b ilustrace (převážně barevné), portréty ;
|c 26 cm
|
| 336 |
|
|
|a text
|b txt
|2 rdacontent
|
| 336 |
|
|
|a statický obraz
|b sti
|2 rdacontent
|
| 337 |
|
|
|a bez média
|b n
|2 rdamedia
|
| 338 |
|
|
|a svazek
|b nc
|2 rdacarrier
|
| 490 |
1 |
|
|a Esence
|
| 500 |
|
|
|a Obálkový podnázev: co si myslí kůň?
|
| 504 |
|
|
|a Obsahuje bibliografii
|
| 650 |
0 |
7 |
|a jezdectví
|7 ph114832
|2 czenas
|
| 650 |
0 |
7 |
|a jezdečtí koně
|7 ph114833
|2 czenas
|
| 650 |
0 |
7 |
|a chování živočichů
|7 ph189267
|2 czenas
|
| 650 |
0 |
9 |
|a horsemanship
|2 eczenas
|
| 650 |
0 |
9 |
|a saddle-horses
|2 eczenas
|
| 650 |
0 |
9 |
|a animal behavior
|2 eczenas
|
| 655 |
|
7 |
|a příručky
|7 fd133209
|2 czenas
|
| 655 |
|
9 |
|a handbooks and manuals
|2 eczenas
|
| 700 |
1 |
|
|a Teodosijevová, Kateřina,
|d 1981-
|7 mzk2005312844
|4 trl
|
| 830 |
|
0 |
|a Esence
|0 s
|
| 910 |
2 |
|
|a BOA001
|b 3-1468.369
|
| 990 |
|
|
|a BK
|
| 995 |
|
|
|a 01
|
| 991 |
|
|
|b 202106
|c NOV
|
| 996 |
6 |
|
|b 2610868146
|c 3-1468.369
|l MZK
|r Sklad / do 1 hodiny
|n 0
|p p.v.
|w 001853768
|u 000010
|a 1
|e BOA001
|j MZK50
|s P
|